Central Library OPAC University of Rajshahi

Textbook of microbiology / (Record no. 75294)

MARC details
000 -LEADER
fixed length control field 00787nam a22002657a 4500
001 - CONTROL NUMBER
control field 75294
003 - CONTROL NUMBER IDENTIFIER
rucl marc code BD-RjUL
005 - DATE AND TIME OF LATEST TRANSACTION
control field 20211209082653.0
008 - FIXED-LENGTH DATA ELEMENTS--GENERAL INFORMATION
fixed length control field 190212r20172016ii a|||| b||| 001 0 eng d
020 ## - INTERNATIONAL STANDARD BOOK NUMBER
International Standard Book Number 9788123929774
035 ## - SYSTEM CONTROL NUMBER
System control number (BD-RjUL)75512
040 ## - CATALOGING SOURCE
Original cataloging agency BD-RjUL
Language of cataloging eng
Transcribing agency BD-RjUL
041 ## - LANGUAGE CODE
Language code of text/sound track or separate title eng
082 ## - DEWEY DECIMAL CLASSIFICATION NUMBER
Edition number 23
Classification number 617.522
Author mark and year ART 2017
100 ## - MAIN ENTRY--PERSONAL NAME
Personal name Arora, D.R.
9 (RLIN) 228116
245 ## - TITLE STATEMENT
Title Textbook of microbiology /
Statement of responsibility, etc. D.R. Arora, Brij Bala Arora.
250 ## - EDITION STATEMENT
Edition statement Fifth edition.
260 ## - PUBLICATION, DISTRIBUTION, ETC. (IMPRINT)
Place of publication, distribution, etc. New Delhi :
Name of publisher, distributor, etc. CBS Publishers,
Date of publication, distribution, etc. c2016 [Reprinted 2017]
300 ## - PHYSICAL DESCRIPTION
Pagination xiii, 682 pages :
Illustrations color illustrations,
Size 28 cm.
500 ## - GENERAL NOTE
General note Includes index.
650 ## - SUBJECT ADDED ENTRY--TOPICAL TERM
Topical term or geographic name as entry element Microbiology.
9 (RLIN) 228118
Topical term or geographic name as entry element Mouth
General subdivision Microbiology
9 (RLIN) 228122
700 ## - ADDED ENTRY--PERSONAL NAME
Personal name Arora, Brij Bala
942 ## - ADDED ENTRY ELEMENTS (KOHA)
Source of classification or shelving scheme Dewey Decimal Classification
Koha item type Books
Holdings
Lost status Source of classification or shelving scheme Damaged status Not for loan Collection code Permanent Location Current Location Shelving location Date acquired Source of acquisition Cost, normal purchase price Total Checkouts Full call number Date last seen Copy number Koha item type
  Dewey Decimal Classification   Not For Loan Non-fiction Central Library, University of Rajshahi Central Library, University of Rajshahi Reading Room 31/01/2019 Orbital International, Dhaka 930.15   617.522 ART 2017 12/02/2019 C-1 Books
  Dewey Decimal Classification     Non-fiction Central Library, University of Rajshahi Central Library, University of Rajshahi   31/01/2019 Orbital International, Dhaka 930.15   617.522 ART 2017 12/02/2019 C-2 Books